00665nam a2200181 a 450000100100000000500170001000800410002704000250006808200150009310000360010824500650014426000290020930000200023859000270025850000680028595201130035399900170046600002515620200930023608.0110208s1972 sp r 000 0 spa d aDO-SdBNPbspacBNPHU axxxbB116a1 aBacardí Moreau, Emilio95160010aAl abismo :bdrama en tres actos /cEmilio Bacardí Moreau. aMadrid :bPlayor,c1972. a83 p. ;c21 cm. aInventariado, 2019/ YL aObras completas de E.B.M. reeditadas por Amalia Bacardí Cape. 001050718MOaGRbGRcCTd2011-02-10iLF1l0oxxx B116ap25156-10r2020-06-25w2020-06-25y1ZNo se presta c24649d24649